000
00303nam a22001337a 4500
008
181217b xxu||||| |||| 00| 0 eng d
020
_a
9780312137038
041
_a
eng
080
_2
4 TH
_a
370
100
_a
47
101
_a
EDU
245
_a
The Handbook For Writers
_c
Hacker.D
942
_2
udc
_c
BK
999
_c
53158
_d
53158